00389 a2200109 4500001001000000005001700010008004100027245009300068100002300161773007800184999001700262ART_1155320260410161858.0260409a 10aDistributive Justice and the optimal taxation of wages and interest in a growing economy1 aOrdover, Janusz A.0 tJournal of public economicsg- Vol. 5, NÂș 1/2 (ene./feb. 1976)wREV11485 c25634d25634